Anubaad (Record no. 8484)

MARC details
000 -LEADER
fixed length control field 00498cam a2200193ua 4500
008 - FIXED-LENGTH DATA ELEMENTS--GENERAL INFORMATION
fixed length control field 150909n ii |||gr||||Z||||||asm
040 ## - CATALOGING SOURCE
Transcribing agency MAIN
041 ## - LANGUAGE CODE
-- asm
082 ## - DEWEY DECIMAL CLASSIFICATION NUMBER
Classification number 418.02
100 ## - MAIN ENTRY--PERSONAL NAME
Personal name Baruah, Anil,
Relator term
245 1# - TITLE STATEMENT
Title Anubaad
Statement of responsibility, etc. ed by Anil Baruah
250 ## - EDITION STATEMENT
Edition statement 3rd ed.
260 ## - PUBLICATION, DISTRIBUTION, ETC.
Place of publication, distribution, etc. Guwahati:
Name of publisher, distributor, etc. Assamese language and software development centre,
Date of publication, distribution, etc. 2012.
300 ## - PHYSICAL DESCRIPTION
Extent 239p.
942 ## - ADDED ENTRY ELEMENTS (KOHA)
Koha item type Books
653 ## - INDEX TERM--UNCONTROLLED
Uncontrolled term Standard usage & applied linguistics
653 ## - INDEX TERM--UNCONTROLLED
Uncontrolled term Translation
Holdings
Withdrawn status Lost status Damaged status Not for loan Home library Current library Shelving location Date acquired Total Checkouts Full call number Barcode Date last seen Date last checked out Copy number Price effective from Koha item type
        Central Library, Naharkatiya College Central Library, Naharkatiya College General Stacks 19/09/2020 1 418.02 | ANU 21784 15/10/2022 30/09/2022 1 19/09/2020 Books

Naharkatiya College © 2020. All rights reserved.

Powered By